Computer security : art and science

Guardat en:
Dades bibliogràfiques
Autor principal: Bishop, Matt
Format: Llibre
Publicat: Pearson
Etiquetes: Afegir etiqueta
Sense etiquetes, Sigues el primer a etiquetar aquest registre!

MARC

LEADER 00000nam a2200000Ia 4500
005 20260515061618.0
100 |a Bishop, Matt 
020 |a 9788177584257 
942 |c BK 
245 |a Computer security : art and science  
260 |b Pearson 
999 |c 77  |d 77 
952 |0 0  |1 0  |4 0  |7 0  |a ABDN  |b ABDN  |d 2026-05-15  |l 0  |p 000037  |r 2026-05-15 06:16:18  |w 2026-05-15  |y BK